000 00644nam a2200229Ia 4500
003 OSt
005 20220928113215.0
006 a|||||r|||| 00| 0
007 ta
008 220927b |||||||| |||| 00| 0 eng d
024 _a35186
037 _cTextual
040 _aSDCL
_cSDCL
_beng
041 _2eng
_aeng
082 _aV2:24'N77, L7
100 _aKalhan Promilla
_9392808
245 0 _aBlack wednesday
_b Power politics,emergency and elections
260 _aNew Delhi
_bSterling Publishers
_c1977
300 _avi,152p
_ccm.
942 _hV2:24'N77, L7
_cTEXL
_2CC
999 _c748551
_d748551